000 00263pam a2200121 a 4500
020 _c
041 _aeng
100 _aTom Wintringam.
245 _aNew Ways Of Wan
_hTextual Documents
260 _aNew York
_bPenguin Books Ltd
300 _a128p.
930 _a15278
999 _c92178
_d92178